00542pam a2200157 a 4500020000500000041000800005082001600013100003300029245007900062250001000141260002300151300001400174930000900188999001700197952017000214 c aeng a574.29bDET aDetrick, B ,eHamilton, RG., aManual of Molecular and Clinical Labaratory Immunology hTextual Documents a2006. a[s.l]:bASM Press  a1340 pg . a9335 c86240d86240 001040708Text BooksaYMPbYMPd2021-06-08eBharati Sahakari Madhyavarti Grahak Bhandarg8817.55l0o574.29 DETpYMP-140008r2023-02-24 00:00:00t1w2023-02-24yBK